| 000 | 00300nam a22001097a 4500 | ||
|---|---|---|---|
| 082 |
_a624.2 _bSTE _cD |
||
| 245 | _aUSS Steel/Concrete Composite Box Girder Bridges A Construction Manual | ||
| 300 |
_a43 p. _billu. |
||
| 526 |
_a0 _b0 _c0 _d624_200000000000000_STE |
||
| 650 |
_aMCE _9379 |
||
| 942 |
_2ddc _cBK |
||
| 999 |
_c547209 _d547209 |
||